| 000 | 00610 a2200169 4500 | ||
|---|---|---|---|
| 999 |
_c4360 _d4360 |
||
| 020 | _a0869221582 | ||
| 050 | 0 | 0 | _aPR9390 KAD 1997 |
| 245 | 0 | 0 |
_aAnd now the poets speak / _ccompiled and edited by Mudereri Kadhani and Musaemura Zimunya. |
| 264 |
_aGwelo [Zimbabwe] : _bMambo Press, _c1981 |
||
| 300 |
_a178 p. : _bill. ; |
||
| 500 | _a"Poems inspired by the struggle for Zimbabwe"--Cover. | ||
| 504 | _aIncludes bibliographical references. | ||
| 650 | 0 | _aRevolutionary poetry, Zimbabwean (English) | |
| 700 | 1 |
_aKadhani, Mudereri. _eed. |
|
| 700 | 1 |
_aZimunya, Musaemura. _eed. |
|
| 942 |
_2lcc _cBK _h9390 _iKAD _kPR |
||